| 000 | 00820nam a22002772a 4500 | ||
|---|---|---|---|
| 001 | 18718 | ||
| 003 | BD-RjUL | ||
| 005 | 20211209000326.0 | ||
| 008 | 140222t1952enk 000 0 eng d | ||
| 020 | _a0435206974 | ||
| 035 | _aDX400828=U | ||
| 035 | _a(BD-RjUL)18776 | ||
| 040 |
_aVA@ _cVA@ _dUKM _dBD-RjUL _beng |
||
| 041 | _aeng | ||
| 082 |
_a812.5 _218 |
||
| 090 |
_aPS3566.A78 _bT4 1955 |
||
| 100 | 1 |
_aPatrick, John, _d1905-1995 _957664 |
|
| 245 | 1 | 4 |
_aThe Teahouse of the August Moon / _cby John Patrick ; adapted from the novel by Vern Sneider |
| 260 |
_aLondon : _bHeinemann Educational Books, _c c1952. |
||
| 300 |
_a180 p. : _c21 cm |
||
| 490 | 1 | _aDrama library | |
| 700 | 1 |
_aSneider, Vern. _tTeahouse of the August Moon. _957665 |
|
| 830 | 0 |
_aDrama library _957678 |
|
| 942 |
_2ddc _cBK |
||
| 999 |
_c18718 _d18718 |
||